000 00725nam a2200253Ia 4500
003 OSt
005 20220928122042.0
006 a|||||r|||| 00| 0
007 ta
008 220927b |||||||| |||| 00| 0 eng d
020 _cIndian Rupees 1295
024 _a145591
037 _bGift, 20/10/2021,
_cTextual
040 _aSDCL
_cSDCL
_beng
041 _2eng
_aeng
082 _aV95, R1
100 _aDatta Sreeradha Ed.
_9455696
245 0 _aBimstec
_b The journey and the way ahead
260 _aNew Delhi
_bPentagon Press LLP India
_c2021
300 _axiv, 461p.
_ccm.
650 _aGift
_9391569
942 _hV95, R1
_cTEXL
_2CC
999 _c769344
_d769344